كسوة الكعبة المعظمة عبر التاريخ / (رقم التسجيلة. 85126)

تفاصيل مارك
000 -LEADER
fixed length control field 00552nam a22001817a 4500
005 - DATE AND TIME OF LATEST TRANSACTION
control field 20251108172644.0
008 - FIXED-LENGTH DATA ELEMENTS--GENERAL INFORMATION
fixed length control field 250721s1986 xx 000 0 ara d
082 14 - DEWEY DECIMAL CLASSIFICATION NUMBER
Classification number 214.11/دقن
100 1# - MAIN ENTRY--PERSONAL NAME
Personal name الدقن، السيد محمد
245 10 - TITLE STATEMENT
Title كسوة الكعبة المعظمة عبر التاريخ /
264 1# - PRODUCTION, PUBLICATION, DISTRIBUTION, MANUFACTURE, AND COPYRIGHT NOTICE
Place of production, publication, distribution, manufacture القاهرة :
Name of producer, publisher, distributor, manufacturer مطبعة الجيلاوي،
Date of production, publication, distribution, manufacture, or copyright notice 1986.
300 ## - PHYSICAL DESCRIPTION
Extent 320 ص
650 17 - SUBJECT ADDED ENTRY--TOPICAL TERM
Topical term or geographic name as entry element الكعبة
650 17 - SUBJECT ADDED ENTRY--TOPICAL TERM
Topical term or geographic name as entry element الأماكن المقدسة
650 17 - SUBJECT ADDED ENTRY--TOPICAL TERM
Topical term or geographic name as entry element المسجد الحرام
942 ## - ADDED ENTRY ELEMENTS (KOHA)
Source of classification or shelving scheme Dewey Decimal Classification
Koha item type كتب
المقتنيات
حالة السحب حالة الفقدان مصدر التصنيف حالة التلف غير قابل للإعارة المكتبة الرئيسية المكتبة الحالية تاريخ التزويد الرقم المتسلسل Total Checkouts رقم الإستدعاء الباركود تاريخ آخر ظهور تاريخ الفاتورة نوع المادة (كوها)
    Dewey Decimal Classification     المكتبة المركزية المكتبة المركزية 28/07/2025 1650404   214.11/دقن PLD00404048 28/07/2025 28/07/2025 كتب
Implemented & Customized by: BBB with SCIT (Smart Chains for Information Technology)

Powered by Koha